000 00662nam a22001937a 4500
003 OSt
005 20250930052129.0
008 250930b |||||||| |||| 00| 0 eng d
020 _a0-06-0250278-6
040 _aDWCL-Main lib
_cOC
082 _aCirc. 155.2 V662a 1994
100 _aHarary, Keith, PHD
245 _aWho do you think you are? : Explore your many-sided self with the Berkeley personality profile
_cKeith Harary, PHD
260 _aNew York :
_bHarperCollins publisher, Inc.,
_cc1994
300 _avi, 170 p. :
_c 23 cm.
504 _aIncludes bibliographical references and index
700 _aDonahue, Eileen, PHD
942 _2ddc
_cBK-CIRC
_kCirc.
_n0
999 _c4568
_d4568